[Event "4th EUR-ch"]
[Site "Istanbul TUR"]
[Date "2003.06.08"]
[Round "9.79"]
[White "Kilicaslan, Hasan"]
[Black "Marin, Mihail"]
[Result "0-1"]
[WhiteElo "2260"]
[BlackElo "2568"]
[EventDate "2003.05.30"]
[PlyCount "87"]

1.Nf3 d6 2.d4 Nf6 3.c4 g6 4.Nc3 Bg7 5.e4 O-O 6.Be2 Nbd7 7.O-O e5 8.d5 Nc5 
9.Qc2 a5 10.Be3 Nfd7 11.Bg5 f6 12.Bh4 h5 13.h3 Rf7 14.Ne1 Bh6 15.Nd3 Nxd3 
16.Qxd3 Nc5 17.Qc2 Qf8 18.Bg3 Bd7 19.f4 h4 20.Bh2 exf4 21.Bxf4 f5 22.exf5 
Rxf5 23.Bxh6 Qxh6 24.Rxf5 Bxf5 25.Qc1 Qxc1+ 26.Rxc1 Re8 27.Bf1 Kg7 28.Nb5 
Re7 29.Nd4 Kf6 30.Nf3 Re4 31.Kf2 g5 32.Rc3 Bg6 33.Re3 Bh5 34.Be2 Bxf3 35.
Rxf3+ Ke5 36.Ke1 Rf4 37.Re3+ Ne4 38.b3 Kd4 39.Rd3+ Kc5 40.a3 a4 41.bxa4 
Ng3 42.Rf3 Re4 43.a5 b6 44.axb6 0-1

[Event "4th EUR-ch"]
[Site "Istanbul TUR"]
[Date "2003.06.08"]
[Round "9.80"]
[White "Inarkiev, Ernesto"]
[Black "Del Rio Angelis, Salvador Gabriel"]
[Result "1-0"]
[WhiteElo "2568"]
[BlackElo "2490"]
[EventDate "2003.05.30"]
[PlyCount "67"]

1.e4 c5 2.Nf3 d6 3.d4 cxd4 4.Nxd4 Nf6 5.Nc3 Nc6 6.Bg5 e6 7.Qd2 a6 8.O-O-O 
Bd7 9.f3 Qa5 10.h4 h6 11.Be3 Nxd4 12.Qxd4 b5 13.Kb1 e5 14.Qd3 Be6 15.g4 
Rc8 16.Nd5 Nxd5 17.exd5 Bd7 18.f4 Bxg4 19.Bh3 Bxh3 20.Rxh3 Qc7 21.h5 Rd8 
22.Rg3 Qc4 23.Qf5 Qc8 24.Qe4 Qc4 25.Bd4 f5 26.Qe1 e4 27.Bb6 Rb8 28.Rc3 Qa4
29.Qg1 g5 30.hxg6 Bg7 31.Bd4 O-O 32.Bxg7 Kxg7 33.Rc7+ Kg8 34.Qa7 1-0

[Event "4th EUR-ch"]
[Site "Istanbul TUR"]
[Date "2003.06.08"]
[Round "9.81"]
[White "Genov, Petar"]
[Black "Romero Holmes, Alfonso"]
[Result "1/2-1/2"]
[WhiteElo "2490"]
[BlackElo "2560"]
[EventDate "2003.05.30"]
[PlyCount "66"]

1.d4 e6 2.c4 b6 3.Nc3 Bb7 4.a3 f5 5.d5 Nf6 6.g3 Na6 7.Bg2 Nc5 8.Nh3 Nce4 
9.Bd2 exd5 10.cxd5 Qe7 11.Bg5 Nxc3 12.bxc3 Qe5 13.O-O Ne4 14.c4 Nxg5 15.
Nxg5 Bc5 16.Qa4 a6 17.Ne6 b5 18.cxb5 dxe6 19.bxa6+ c6 20.Qc2 Bxa6 21.Qxc5 
cxd5 22.Rac1 Kf7 23.f4 Qb8 24.Bxd5 Rc8 25.Bc6 Bb7 26.Qb6 Bxc6 27.Rxc6 Rxc6
28.Qxc6 Rxa3 29.Rd1 Qa7+ 30.Kg2 Qa8 31.Rd7+ Kf6 32.Rb7 Qa6 33.Qxa6 Rxa6 
1/2-1/2

[Event "4th EUR-ch"]
[Site "Istanbul TUR"]
[Date "2003.06.08"]
[Round "9.82"]
[White "Tratar, Marko"]
[Black "Shomoev, Anton"]
[Result "1/2-1/2"]
[WhiteElo "2464"]
[BlackElo "2558"]
[EventDate "2003.05.30"]
[PlyCount "115"]

1.Nf3 Nf6 2.c4 c5 3.Nc3 d5 4.cxd5 Nxd5 5.d4 Nxc3 6.bxc3 g6 7.Bg5 Bg7 8.e3 
Qa5 9.Qd2 Nc6 10.Rc1 Be6 11.d5 Rd8 12.e4 h6 13.Be3 Bg4 14.Be2 e6 15.O-O 
exd5 16.exd5 Ne7 17.c4 Qxd2 18.Bxd2 O-O 19.Rfe1 Rfe8 20.h3 Bd7 21.Bd3 Nc8 
22.Bf4 Rxe1+ 23.Rxe1 Re8 24.Kf1 g5 25.Rxe8+ Bxe8 26.Bb8 Bf8 27.Bf5 Nd6 28.
Bd3 a6 29.Nd2 Kg7 30.Ke2 Bd7 31.Nb3 b6 32.Bc7 Nc8 33.Be5+ f6 34.Bc3 Kf7 
35.Nd2 Nd6 36.f4 Bg7 37.g4 gxf4 38.Kf3 h5 39.Kxf4 Bh6+ 40.Kf3 hxg4+ 41.
hxg4 b5 42.Ne4 Nxe4 43.Bxe4 bxc4 44.Bf5 Bxf5 45.gxf5 Ke7 46.d6+ Kxd6 47.
Bxf6 Kd5 48.Bc3 Bf8 49.Ke3 Bd6 50.f6 Bf8 51.Kf4 Ke6 52.Kg5 Kf7 53.Kf5 Bh6 
54.Ke5 Bg5 55.Kd5 Bxf6 56.Bxf6 Kxf6 57.Kxc4 Ke6 58.Kxc5 1/2-1/2

[Event "4th EUR-ch"]
[Site "Istanbul TUR"]
[Date "2003.06.08"]
[Round "9.83"]
[White "Tzermiadianos, Andreas"]
[Black "Banikas, Hristos"]
[Result "0-1"]
[WhiteElo "2428"]
[BlackElo "2542"]
[EventDate "2003.05.30"]
[PlyCount "114"]

1.e4 c5 2.Nf3 d6 3.d4 cxd4 4.Nxd4 Nf6 5.Nc3 g6 6.Be3 Bg7 7.Be2 Nc6 8.Nb3 
O-O 9.f4 Be6 10.g4 Na5 11.g5 Nd7 12.Bd4 Bxd4 13.Qxd4 Qb6 14.Qxb6 axb6 15.
Nd4 Bh3 16.O-O-O Nc6 17.Rhg1 Nc5 18.Bg4 Bxg4 19.Rxg4 f6 20.gxf6 Rxf6 21.
Nde2 Kh8 22.a3 Rf7 23.h4 b5 24.b4 Nd7 25.Rg5 Rxa3 26.Rxb5 Ra1+ 27.Kb2 Rxd1
28.Nxd1 b6 29.Ndc3 e6 30.Rg5 Nxb4 31.Nb5 d5 32.Kb3 Na6 33.exd5 Nac5+ 34.
Kb2 exd5 35.Rxd5 Nf6 36.Rd8+ Kg7 37.Nbc3 Nh5 38.Nd5 Ne6 39.Rd6 Nexf4 40.
Nexf4 Nxf4 41.Nxb6 Ng2 42.c4 Nxh4 43.c5 Nf5 44.Re6 Rc7 45.Re5 h5 46.Nc4 h4
47.Nd2 Kf6 48.Re2 g5 49.Ne4+ Kg6 50.Rg2 Ng3 51.Nxg3 hxg3 52.Kc3 Rxc5+ 53.
Kd4 Rc1 54.Kd3 Re1 55.Kd2 Re5 56.Rxg3 Kh5 57.Rg1 Kh4 0-1

[Event "4th EUR-ch"]
[Site "Istanbul TUR"]
[Date "2003.06.08"]
[Round "9.84"]
[White "Zueger, Beat"]
[Black "Nedev, Trajce"]
[Result "1/2-1/2"]
[WhiteElo "2448"]
[BlackElo "2518"]
[EventDate "2003.05.30"]
[PlyCount "100"]

1.c4 Nf6 2.g3 e5 3.Bg2 Nc6 4.Nc3 g6 5.d3 Bg7 6.e4 O-O 7.Nge2 a6 8.O-O d6 
9.Nd5 Nd7 10.f4 f5 11.exf5 gxf5 12.Be3 Nf6 13.fxe5 dxe5 14.Bg5 Qd6 15.
Nxf6+ Bxf6 16.Bxf6 Rxf6 17.Qd2 Be6 18.Qc3 Rd8 19.Bxc6 Qc5+ 20.Rf2 bxc6 21.
b4 Qd6 22.c5 Qd5 23.Nf4 Qd4 24.Qxd4 Rxd4 25.Nxe6 Rxe6 26.Rxf5 Rxd3 27.Raf1
Rd7 28.Rg5+ Rg7 29.Rxg7+ Kxg7 30.Kf2 Rh6 31.Kg2 Re6 32.Rf5 Kg6 33.Rf8 e4 
34.Kf2 Re5 35.Ra8 Rh5 36.Rxa6 Rxh2+ 37.Ke3 Kf5 38.Rxc6 Rxa2 39.Rxc7 Ra3+ 
40.Kd4 Rb3 41.Kc4 Rxg3 42.Rxh7 Rg4 43.c6 e3+ 44.Kd3 Ke6 45.c7 Rg8 46.Kxe3 
Kd6 47.Kd4 Rc8 48.Kc4 Kc6 49.Rg7 Rh8 50.Kb3 Kb6 1/2-1/2

[Event "4th EUR-ch"]
[Site "Istanbul TUR"]
[Date "2003.06.08"]
[Round "9.85"]
[White "Moor, Roger"]
[Black "Jenni, Florian"]
[Result "1/2-1/2"]
[WhiteElo "2405"]
[BlackElo "2516"]
[EventDate "2003.05.30"]
[PlyCount "21"]

1.e4 c5 2.Nf3 Nc6 3.Nc3 d6 4.d4 cxd4 5.Nxd4 e6 6.Be2 Be7 7.O-O Nf6 8.Be3 
a6 9.a4 O-O 10.Kh1 Qc7 11.f4 1/2-1/2

[Event "4th EUR-ch"]
[Site "Istanbul TUR"]
[Date "2003.06.08"]
[Round "9.86"]
[White "Arduman, Can"]
[Black "San Segundo Carrillo, Pablo"]
[Result "0-1"]
[WhiteElo "2361"]
[BlackElo "2515"]
[EventDate "2003.05.30"]
[PlyCount "51"]

1.d4 Nf6 2.Nf3 e6 3.c4 b6 4.Nc3 Bb4 5.Qb3 c5 6.dxc5 Bxc5 7.Bg5 Bb7 8.e3 
O-O 9.Be2 Be7 10.O-O h6 11.Bh4 Na6 12.Rfd1 Nc5 13.Qc2 a6 14.Nd2 d6 15.b4 
Ncd7 16.Qb2 Rc8 17.Rac1 Re8 18.Bg3 Qc7 19.Nb3 Qb8 20.c5 bxc5 21.bxc5 Nxc5 
22.Nxc5 Rxc5 23.Rb1 Qc8 24.Qxb7 Rxc3 25.Bxa6 Qxb7 26.Bxb7 0-1

[Event "4th EUR-ch"]
[Site "Istanbul TUR"]
[Date "2003.06.08"]
[Round "9.87"]
[White "Meijers, Viesturs"]
[Black "Rotsagov, Mihhail"]
[Result "1/2-1/2"]
[WhiteElo "2512"]
[BlackElo "2487"]
[EventDate "2003.05.30"]
[PlyCount "75"]

1.e4 c5 2.Nf3 d6 3.d4 cxd4 4.Nxd4 Nf6 5.Nc3 a6 6.Be2 e6 7.a4 Nc6 8.O-O Be7
9.Kh1 O-O 10.f4 Qc7 11.Be3 Re8 12.Nb3 b6 13.Rf3 Bb7 14.Rh3 Nb4 15.Bf3 g6 
16.Rc1 Nd7 17.Qd2 Rac8 18.Nd4 Nc6 19.Rd1 Na5 20.Qf2 Nc4 21.Bc1 e5 22.Nde2 
exf4 23.Nxf4 Nce5 24.Be2 Nf6 25.Bd3 Bd8 26.Rf1 Qd7 27.Be3 Neg4 28.Qd2 Nxe4
29.Nxe4 Bxe4 30.Bxe4 Rxe4 31.Nd5 Qe6 32.Qd3 Nxe3 33.Rxe3 Rxe3 34.Nxe3 Rc5 
35.h3 Bg5 36.b4 Rc8 37.Ng4 d5 38.Rd1 1/2-1/2

[Event "4th EUR-ch"]
[Site "Istanbul TUR"]
[Date "2003.06.08"]
[Round "9.88"]
[White "Karadeniz, Emre"]
[Black "Grigoriants, Sergei"]
[Result "1/2-1/2"]
[WhiteElo "2308"]
[BlackElo "2506"]
[EventDate "2003.05.30"]
[PlyCount "115"]

1.d4 c5 2.d5 e5 3.e4 d6 4.Nc3 a6 5.Nf3 Be7 6.h3 b5 7.a4 b4 8.Nb1 Nf6 9.
Nbd2 Nbd7 10.Bd3 a5 11.b3 Nb6 12.Bb2 Nfd7 13.Nc4 Nxc4 14.Bxc4 O-O 15.Qe2 
Bf6 16.Bd3 Nb6 17.O-O g6 18.Nd2 Bg7 19.Nc4 Nxc4 20.Bxc4 Ra7 21.c3 bxc3 22.
Bxc3 f5 23.f4 fxe4 24.fxe5 Re8 25.Qxe4 Bxe5 26.Qf3 Bf5 27.Rae1 Rae7 28.
Bxe5 Rxe5 29.Rxe5 Rxe5 30.g4 Qg5 31.Qf4 Qxf4 32.Rxf4 Be4 33.Rf6 Bxd5 34.
Rxd6 Bxc4 35.bxc4 Re4 36.Ra6 Rxc4 37.Rxa5 Kf7 38.Ra7+ Ke6 39.a5 Ra4 40.Kf2
Ke5 41.a6 c4 42.Rxh7 Rxa6 43.Ke3 Ra3+ 44.Kd2 Kf4 45.Rh6 Kg5 46.Rh8 Rg3 47.
Kc2 Rd3 48.Rh7 Rg3 49.Rh8 Kf6 50.Rh7 Ke5 51.Rg7 Kf6 52.Rh7 Rd3 53.Kb2 Rg3 
54.Kc2 Kg5 55.Rh8 Rf3 56.Rh7 Kf4 57.Rg7 g5 58.Rh7 1/2-1/2

[Event "4th EUR-ch"]
[Site "Istanbul TUR"]
[Date "2003.06.08"]
[Round "9.89"]
[White "Cherniaev, Alexander"]
[Black "Dzhakaev, Dzhakay"]
[Result "0-1"]
[WhiteElo "2501"]
[BlackElo "2465"]
[EventDate "2003.05.30"]
[PlyCount "68"]

1.e4 e6 2.d4 d5 3.e5 c5 4.c3 Nc6 5.Nf3 Bd7 6.Be2 Nge7 7.Na3 cxd4 8.cxd4 
Nf5 9.Nc2 Qb6 10.O-O a5 11.Kh1 Nb4 12.Ne3 Be7 13.Nxf5 exf5 14.Bd2 O-O 15.
a3 Nc6 16.Bc3 Rfb8 17.Qd2 Qd8 18.b3 Rc8 19.Bd3 g6 20.Rfe1 Be6 21.Reb1 Qf8 
22.Bb2 Qd8 23.Bc1 Bf8 24.h4 Nxd4 25.Ng5 h6 26.Qb2 Bc5 27.b4 axb4 28.axb4 
Rxa1 29.Rxa1 Bb6 30.Nh3 Qxh4 31.Be3 f4 32.Bxd4 f3 33.Bxb6 Bxh3 34.gxf3 
Bg4+ 0-1

[Event "4th EUR-ch"]
[Site "Istanbul TUR"]
[Date "2003.06.08"]
[Round "9.91"]
[White "Akcan, Umit"]
[Black "Vokarev, Sergei"]
[Result "0-1"]
[WhiteElo "2167"]
[BlackElo "2498"]
[EventDate "2003.05.30"]
[PlyCount "110"]

1.e4 c5 2.Nf3 Nc6 3.Bb5 g6 4.O-O Bg7 5.Re1 Nf6 6.e5 Nd5 7.Nc3 Nc7 8.Bxc6 
dxc6 9.Ne4 b6 10.Nf6+ Kf8 11.Ne4 Bg4 12.d3 Ne6 13.h3 Bxf3 14.Qxf3 Qd5 15.
Ng5 Nxg5 16.Bxg5 Qxf3 17.gxf3 Rd8 18.Be3 Rd5 19.f4 f6 20.a4 fxe5 21.a5 
exf4 22.axb6 axb6 23.Bxf4 Bxb2 24.Ra7 Bf6 25.Re6 g5 26.Bg3 b5 27.Rxc6 b4 
28.Rac7 b3 29.cxb3 Rxd3 30.Rb7 Kf7 31.Kg2 Rc3 32.Bd6 Rd8 33.Bxc5 Rdd3 34.
b4 Rxh3 35.Rcc7 Rhd3 36.Ra7 Rd2 37.Rcb7 Re2 38.Kf1 Re4 39.Be3 g4 40.Rc7 
Rxc7 41.Rxc7 Rxb4 42.Kg2 h5 43.Rc1 h4 44.Rd1 Ke6 45.Bc5 Re4 46.Be3 Kf5 47.
Rf1 h3+ 48.Kh1 Ra4 49.Bc5 e6 50.Rd1 Ra1 51.Rxa1 Bxa1 52.Kg1 Ke4 53.Be7 Kf3
54.Bg5 Bd4 55.Bh4 Bxf2+ 0-1

[Event "4th EUR-ch"]
[Site "Istanbul TUR"]
[Date "2003.06.08"]
[Round "9.92"]
[White "Bocharov, Dmitry"]
[Black "Reyhan, Dogan"]
[Result "1-0"]
[WhiteElo "2492"]
[BlackElo "2161"]
[EventDate "2003.05.30"]
[PlyCount "64"]

1.d4 Nf6 2.Nf3 e6 3.c4 d5 4.Nc3 c5 5.cxd5 exd5 6.Bg5 Be7 7.e3 cxd4 8.Nxd4 
O-O 9.Be2 Nc6 10.O-O Be6 11.Qd2 Ne4 12.Nxe4 dxe4 13.Bxe7 Qxe7 14.Nxc6 bxc6
15.Qc3 Rab8 16.b3 Bd5 17.Rfd1 Qb4 18.Qc2 Qa3 19.Bc4 Rfd8 20.Rd4 Qa5 21.g3 
h5 22.Rad1 Bxc4 23.bxc4 f5 24.Qe2 h4 25.Qh5 hxg3 26.hxg3 Rxd4 27.Rxd4 Rf8 
28.Qg6 Qe1+ 29.Kg2 Qe2 30.Rd7 Qb2 31.Qxc6 Qxa2 32.Qe6+ Kh8 1-0

[Event "4th EUR-ch"]
[Site "Istanbul TUR"]
[Date "2003.06.08"]
[Round "9.93"]
[White "Olcayoz, Alper"]
[Black "Gershon, Alik"]
[Result "0-1"]
[WhiteElo "2310"]
[BlackElo "2543"]
[EventDate "2003.05.30"]
[PlyCount "64"]

1.d4 Nf6 2.Nf3 c5 3.d5 b5 4.c4 g6 5.cxb5 a6 6.bxa6 Bxa6 7.Nc3 Bg7 8.e4 
Bxf1 9.Kxf1 d6 10.g3 Nbd7 11.Kg2 O-O 12.h3 Ra6 13.Re1 Qa8 14.Kg1 e6 15.
dxe6 fxe6 16.Ng5 Re8 17.Nb5 Qb8 18.a4 h6 19.Nf3 Rf8 20.Ra3 g5 21.Rd3 d5 
22.exd5 exd5 23.Rxd5 Nxd5 24.Qxd5+ Kh7 25.Qxd7 Rxf3 26.Re7 Qf8 27.Nc7 Raf6
28.Ne6 Rxg3+ 29.Kh1 Rxh3+ 30.Kg1 Rg3+ 31.Kh1 Rxe6 32.Rxg7+ Qxg7 0-1

[Event "4th EUR-ch"]
[Site "Istanbul TUR"]
[Date "2003.06.08"]
[Round "9.94"]
[White "Palac, Mladen"]
[Black "Brendel, Oliver"]
[Result "1-0"]
[WhiteElo "2587"]
[BlackElo "2378"]
[EventDate "2003.05.30"]
[PlyCount "28"]

1.e4 c5 2.Nf3 g6 3.d4 cxd4 4.Qxd4 Nf6 5.Nc3 Nc6 6.Qa4 d6 7.e5 Ng4 8.exd6 
Qxd6 9.Nb5 Qb4+ 10.Qxb4 Nxb4 11.h3 Nxc2+ 12.Kd1 Nxf2+ 13.Kxc2 Bf5+ 14.Kb3 
Rc8 1-0

[Event "4th EUR-ch"]
[Site "Istanbul TUR"]
[Date "2003.06.08"]
[Round "9.95"]
[White "Mamedov, Rauf"]
[Black "Wells, Peter"]
[Result "1/2-1/2"]
[WhiteElo "2330"]
[BlackElo "2487"]
[EventDate "2003.05.30"]
[PlyCount "35"]

1.e4 c5 2.Nf3 Nc6 3.d4 cxd4 4.Nxd4 Nf6 5.Nc3 d6 6.Bg5 e6 7.Qd2 a6 8.O-O-O 
Bd7 9.f4 h6 10.Bxf6 Qxf6 11.Nf3 g5 12.fxg5 hxg5 13.e5 Qh6 14.g4 d5 15.Ne4 
O-O-O 16.Nexg5 Qg7 17.h4 Be7 18.Bd3 1/2-1/2

[Event "4th EUR-ch"]
[Site "Istanbul TUR"]
[Date "2003.06.08"]
[Round "9.96"]
[White "Yagupov, Igor"]
[Black "Azimi, Reza"]
[Result "1-0"]
[WhiteElo "2454"]
[BlackElo "2046"]
[EventDate "2003.05.30"]
[PlyCount "143"]

1.e4 c5 2.Nf3 Nc6 3.Bb5 d6 4.O-O Bd7 5.c3 a6 6.Ba4 b5 7.Bc2 Bg4 8.d4 Nf6 
9.Be3 e6 10.Nbd2 Be7 11.Qe2 O-O 12.a4 cxd4 13.cxd4 Nb4 14.Bb1 Qd7 15.Rc1 
Rfc8 16.Rc3 bxa4 17.Qd1 d5 18.e5 Ne8 19.Rxa4 Qb5 20.Ra1 Nc7 21.Nb3 Qb6 22.
Bd2 Bf5 23.Bxf5 exf5 24.Qc1 a5 25.e6 fxe6 26.Bf4 Bd6 27.Bxd6 Qxd6 28.Nxa5 
Qb6 29.Nb3 Na2 30.Rxa2 Rxa2 31.h4 Ra4 32.Ne5 h6 33.Qc2 Ra7 34.Nc6 Ne8 35.
Ne7+ Rxe7 36.Rxc8 Kf7 37.Rc6 Qb4 38.g3 Nf6 39.Kg2 g5 40.hxg5 hxg5 41.Qd3 
Qb8 42.Qe3 f4 43.gxf4 gxf4 44.Qh3 Re8 45.Nc5 Rg8+ 46.Kf3 Re8 47.Qh6 Rh8 
48.Rc7+ Qxc7 49.Qxh8 e5 50.Kg2 exd4 51.b4 Qe5 52.Qh3 Qg5+ 53.Kf1 Qg6 54.
Nd3 Qe4 55.b5 f3 56.Qxf3 Qxf3 57.Ne5+ Ke6 58.Nxf3 d3 59.Nd4+ Kd7 60.Ke1 
Kc7 61.f3 Nd7 62.Kd2 Nc5 63.f4 Kb6 64.f5 Ka5 65.Ke3 Kb4 66.f6 d2 67.Ke2 
Kc3 68.f7 Nd7 69.Nf3 d4 70.Nxd2 d3+ 71.Kd1 Kb4 72.b6 1-0

[Event "4th EUR-ch"]
[Site "Istanbul TUR"]
[Date "2003.06.08"]
[Round "9.97"]
[White "Asmundsson, Ingvar"]
[Black "Nyysti, Sampsa"]
[Result "0-1"]
[WhiteElo "2327"]
[BlackElo "2429"]
[EventDate "2003.05.30"]
[PlyCount "70"]

1.e4 e5 2.Nf3 Nc6 3.Bb5 a6 4.Bxc6 dxc6 5.O-O f6 6.d4 exd4 7.Nxd4 c5 8.Ne2 
Qxd1 9.Rxd1 Bd7 10.Bf4 O-O-O 11.Nbc3 Ne7 12.Bg3 Ng6 13.Nd5 Ne5 14.f4 Nc4 
15.b3 Bg4 16.Re1 Na3 17.Rac1 c4 18.Bf2 Bd6 19.Nec3 c6 20.Nb6+ Kb8 21.e5 
fxe5 22.fxe5 Bb4 23.Re3 Bf5 24.Ne4 Nxc2 25.Re2 cxb3 26.axb3 Nd4 27.Re3 
Bxe4 28.Rxe4 Nxb3 29.Rb1 Bc5 30.Bxc5 Nxc5 31.Rc4 Ne6 32.Rcb4 Rhf8 33.Nc4 
b5 34.Nd6 Kc7 35.Rc4 c5 0-1

[Event "4th EUR-ch"]
[Site "Istanbul TUR"]
[Date "2003.06.08"]
[Round "9.99"]
[White "Yeke, Serkan"]
[Black "Oney, Feridun"]
[Result "1/2-1/2"]
[WhiteElo "2287"]
[BlackElo "2251"]
[EventDate "2003.05.30"]
[PlyCount "116"]

1.e4 c6 2.d4 g6 3.c4 Bg7 4.Nc3 d6 5.Be3 Na6 6.Qd2 Nf6 7.f3 h5 8.h4 Nd7 9.
Nh3 Qa5 10.Ng5 c5 11.d5 Nc7 12.f4 b5 13.cxb5 a6 14.a4 axb5 15.Nxb5 Nxb5 
16.Qxa5 Rxa5 17.Bxb5 Bxb2 18.Rb1 Bc3+ 19.Kd1 O-O 20.Kc2 Bb4 21.Nf3 Nf6 22.
Bd2 Nxe4 23.Bxb4 cxb4 24.Rxb4 Bf5 25.Kb2 Rb8 26.Ka3 Rc8 27.Nd4 Kf8 28.Nc6 
Raa8 29.Rd4 Nc5 30.Re1 Bd7 31.Kb4 e6 32.Na5 Bxb5 33.axb5 Rxa5 34.Kxa5 Nb3+
35.Ka6 Nxd4 36.b6 Nb3 37.Kb7 Rd8 38.Kc7 Ke7 39.b7 Nc5 40.b8=N Rh8 41.Nc6+ 
Kf6 42.Kxd6 Nd3 43.Re3 Nb2 44.Rc3 exd5 45.Kxd5 Nd1 46.Rb3 Nf2 47.Rb7 Ng4 
48.Ne5 Rd8+ 49.Ke4 Nxe5 50.fxe5+ Ke6 51.Rb6+ Ke7 52.Ra6 Rd7 53.g3 Rb7 54.
Rc6 Rb4+ 55.Ke3 Ra4 56.Rb6 Rc4 57.Ra6 Kd7 58.Rd6+ Ke7 1/2-1/2

[Event "4th EUR-ch"]
[Site "Istanbul TUR"]
[Date "2003.06.08"]
[Round "9.100"]
[White "Ipek, Ali"]
[Black "Duman, Aydin"]
[Result "1/2-1/2"]
[WhiteElo "2254"]
[BlackElo "2185"]
[EventDate "2003.05.30"]
[PlyCount "65"]

1.d4 Nf6 2.Nf3 g6 3.c3 Bg7 4.Bg5 O-O 5.Nbd2 d6 6.e4 c5 7.dxc5 dxc5 8.Bc4 
Nc6 9.Qe2 Qc7 10.O-O h6 11.Bh4 Nh5 12.Bg3 Nxg3 13.hxg3 Na5 14.Bd3 Be6 15.
Nc4 Rad8 16.Nxa5 Qxa5 17.Bc4 Qb6 18.Bxe6 Qxe6 19.Qb5 b6 20.Qa6 Rd7 21.Rad1
Rfd8 22.Rxd7 Rxd7 23.Qc8+ Kh7 24.Re1 Rd6 25.Qxe6 Rxe6 26.Kf1 b5 27.Nd2 b4 
28.cxb4 cxb4 29.Nc4 Ra6 30.a3 bxa3 31.bxa3 Rc6 32.Rc1 Bd4 33.g4 1/2-1/2

[Event "4th EUR-ch"]
[Site "Istanbul TUR"]
[Date "2003.06.08"]
[Round "9.101"]
[White "Valansi, Avram Alber"]
[Black "Grant, Jonathan"]
[Result "1/2-1/2"]
[WhiteElo "2154"]
[BlackElo "2253"]
[EventDate "2003.05.30"]
[PlyCount "109"]

1.e4 c6 2.d4 d5 3.exd5 cxd5 4.Bd3 Nc6 5.c3 Nf6 6.Bf4 Bg4 7.Qb3 Qd7 8.Nd2 
e6 9.Ngf3 Bd6 10.Bxd6 Qxd6 11.O-O O-O 12.Rae1 Bxf3 13.Nxf3 Rab8 14.Ne5 b5 
15.a3 Rfc8 16.f4 a5 17.f5 b4 18.axb4 axb4 19.Qd1 exf5 20.Rxf5 bxc3 21.bxc3
Rc7 22.Ng4 Nxg4 23.Qxg4 g6 24.Ref1 Qe6 25.Qg3 Re7 26.Rf6 Qe3+ 27.Qxe3 Rxe3
28.Bxg6 fxg6 29.Rxc6 Rb2 30.Rc1 Ree2 31.Ra1 Rxg2+ 32.Kf1 Rbf2+ 33.Ke1 Re2+
34.Kf1 Rgf2+ 35.Kg1 Rf7 36.Rc5 Kg7 37.Rxd5 Rff2 38.Rd7+ Kh6 39.Raa7 Rg2+ 
40.Kf1 Ref2+ 41.Ke1 Rc2 42.Rxh7+ Kg5 43.Kf1 Kg4 44.Raf7 g5 45.Rf6 Ra2 46.
Rhf7 Rxh2 47.Rf2 Rh1+ 48.Kg2 Raa1 49.Rf1 Raxf1 50.Rxf1 Rh3 51.Rc1 Rd3 52.
Rc2 Kf4 53.Rf2+ Ke4 54.Re2+ Kf4 55.Rf2+ 1/2-1/2

[Event "4th EUR-ch"]
[Site "Istanbul TUR"]
[Date "2003.06.08"]
[Round "9.102"]
[White "Demir, Gokhan"]
[Black "Ataman, Alper"]
[Result "0-1"]
[WhiteElo "2245"]
[BlackElo "2161"]
[EventDate "2003.05.30"]
[PlyCount "192"]

1.d4 d5 2.c4 e6 3.Nc3 Nf6 4.cxd5 exd5 5.Bg5 c6 6.e3 Be7 7.Bd3 Nbd7 8.Qc2 
O-O 9.Nge2 Re8 10.O-O Nf8 11.f3 h6 12.Bh4 Ne6 13.Kh1 c5 14.dxc5 Nxc5 15.
Bb5 Bd7 16.Bxd7 Ncxd7 17.Rad1 Rc8 18.Nd4 Bb4 19.Nf5 Qb6 20.Qd3 Bxc3 21.
bxc3 Qc5 22.Qd4 Re6 23.Rb1 b6 24.Rb3 Kh7 25.Bf2 g6 26.Ng3 Rc7 27.Kg1 Qa5 
28.Ra1 Rc4 29.Qd2 Rec6 30.Ne2 Nc5 31.Rb4 Na4 32.Rxc4 Rxc4 33.Rc1 Nc5 34.
Bg3 Ra4 35.Rc2 Ncd7 36.Bd6 Qb5 37.Nd4 Qc4 38.g4 Nc5 39.Be7 Nfd7 40.h4 Ne5 
41.Kg2 Ncd3 42.Bd6 Qc8 43.Kg3 Qd7 44.Bb8 Qc8 45.Bd6 Qd7 46.Bb8 Qc8 47.Bxe5
Nxe5 48.Qe2 Rc4 49.f4 Nd7 50.g5 Nc5 51.Qg4 Ne4+ 52.Kf3 Qxg4+ 53.Kxg4 Rxc3 
54.Re2 a6 55.Kf3 Nd6 56.Nc2 Nf5 57.gxh6 Kxh6 58.Kf2 a5 59.Rd2 Rc5 60.Ne1 
f6 61.Nd3 Rb5 62.Rc2 Nxh4 63.Rc6 Kg7 64.Rc7+ Kf8 65.Ke2 Nf5 66.Kd2 Rb1 67.
Nc1 Rb4 68.Rd7 d4 69.e4 Ng3 70.Kd3 Rb1 71.Rc7 Rb4 72.Nb3 Nh5 73.e5 Nxf4+ 
74.Ke4 d3+ 75.Kf3 fxe5 76.Nd2 Nd5 77.Rd7 Rf4+ 78.Kg3 Nf6 79.Rxd3 b5 80.a3 
Ke7 81.Rb3 b4 82.axb4 axb4 83.Nf3 Ke6 84.Re3 Ne4+ 85.Kg2 Kf5 86.Rd3 Rg4+ 
87.Kh2 Kf4 88.Ne1 Nc3 89.Rf3+ Ke4 90.Rf8 Nd5 91.Rd8 Rf4 92.Kg3 Rf1 93.Ng2 
b3 94.Rb8 Rf3+ 95.Kg4 Ne3+ 96.Nxe3 Rxe3 0-1

[Event "4th EUR-ch"]
[Site "Istanbul TUR"]
[Date "2003.06.08"]
[Round "9.103"]
[White "Kayar, Erdem"]
[Black "Can, Emre"]
[Result "1/2-1/2"]
[WhiteElo "2077"]
[BlackElo "2200"]
[EventDate "2003.05.30"]
[PlyCount "86"]

1.e4 c5 2.Nf3 d6 3.d4 cxd4 4.Nxd4 Nf6 5.Nc3 g6 6.Be3 Bg7 7.Be2 Nc6 8.Nb3 
O-O 9.f4 Be6 10.O-O Qc8 11.Kh1 Bg4 12.Bg1 Rb8 13.a4 Bxe2 14.Qxe2 Qg4 15.
Qd2 Rfd8 16.Rae1 Qe6 17.Nd4 Qd7 18.Nd5 e6 19.Nxf6+ Bxf6 20.f5 Bxd4 21.Bxd4
Nxd4 22.f6 Qe8 23.Qxd4 e5 24.Qd2 Rbc8 25.b3 Qf8 26.Rf3 Rc6 27.c4 a6 28.h4 
h5 29.Rg1 Kh7 30.Qd5 Rd7 31.Rg3 Rc5 32.Qd2 b5 33.axb5 axb5 34.cxb5 Rxb5 
35.Rd3 Qh6 36.Qc2 Rb8 37.g3 Qf8 38.Rc1 Qd8 39.Qc6 Rb6 40.Qc8 Rb8 41.Qxd8 
Rbxd8 42.Rd5 Rb8 43.Rc3 g5 1/2-1/2

[Event "4th EUR-ch"]
[Site "Istanbul TUR"]
[Date "2003.06.10"]
[Round "10.1"]
[White "Azmaiparashvili, Zurab"]
[Black "Sakaev, Konstantin"]
[Result "1/2-1/2"]
[WhiteElo "2678"]
[BlackElo "2664"]
[EventDate "2003.05.30"]
[PlyCount "21"]

1.d4 Nf6 2.Nf3 d5 3.c4 c6 4.cxd5 cxd5 5.Nc3 Nc6 6.Bf4 a6 7.e3 Bg4 8.Be2 
Bxf3 9.Bxf3 e6 10.O-O Bd6 11.Bxd6 1/2-1/2

[Event "4th EUR-ch"]
[Site "Istanbul TUR"]
[Date "2003.06.10"]
[Round "10.2"]
[White "Grischuk, Alexander"]
[Black "Georgiev, Kiril"]
[Result "1/2-1/2"]
[WhiteElo "2701"]
[BlackElo "2647"]
[EventDate "2003.05.30"]
[PlyCount "43"]

1.d4 Nf6 2.c4 e6 3.g3 d5 4.Bg2 Bb4+ 5.Bd2 Be7 6.Nf3 c6 7.O-O b6 8.Nc3 O-O 
9.Qb3 Nbd7 10.Rac1 Ba6 11.cxd5 cxd5 12.Nb5 Bxb5 13.Qxb5 a6 14.Qc6 Ra7 15.
Bf4 b5 16.Bc7 Qa8 17.Ne5 Rc8 18.Qxa8 Raxa8 19.Nc6 Bf8 20.Ba5 Ne4 21.Bxe4 
dxe4 22.Rc2 1/2-1/2

[Event "4th EUR-ch"]
[Site "Istanbul TUR"]
[Date "2003.06.10"]
[Round "10.4"]
[White "Malakhov, Vladimir"]
[Black "Nisipeanu, Liviu-Dieter"]
[Result "1-0"]
[WhiteElo "2672"]
[BlackElo "2606"]
[EventDate "2003.05.30"]
[PlyCount "83"]

1.Nf3 Nf6 2.c4 c5 3.Nc3 e6 4.e4 Nc6 5.Be2 b6 6.O-O Bb7 7.d4 cxd4 8.Nxd4 
Nxd4 9.Qxd4 Bc5 10.Qd3 Qc7 11.Bf3 Qe5 12.g3 g5 13.b3 Bd4 14.Bd2 h5 15.Rad1
h4 16.Nb5 hxg3 17.Qxd4 gxh2+ 18.Kh1 Qxd4 19.Nxd4 g4 20.Bg2 Nxe4 21.Bf4 a6 
22.Ne2 b5 23.Ng3 Nxg3+ 24.Bxg3 Bxg2+ 25.Kxg2 bxc4 26.bxc4 Rc8 27.Rd4 h1=Q+
28.Rxh1 Rxh1 29.Kxh1 f5 30.Bd6 Kf7 31.c5 Kf6 32.Rb4 e5 33.Rb6 f4 34.Rxa6 
Kf5 35.Ra7 Ke6 36.Kg2 Rh8 37.Rb7 Ra8 38.Rb8 Rxa2 39.Re8+ Kf6 40.Bxe5+ Kf7 
41.Rd8 g3 42.Bxf4 1-0

[Event "4th EUR-ch"]
[Site "Istanbul TUR"]
[Date "2003.06.10"]
[Round "10.6"]
[White "Sutovsky, Emil"]
[Black "Asrian, Karen"]
[Result "1-0"]
[WhiteElo "2652"]
[BlackElo "2596"]
[EventDate "2003.05.30"]
[PlyCount "89"]

1.e4 c6 2.d4 d5 3.Nc3 dxe4 4.Nxe4 Nf6 5.Nxf6+ exf6 6.c3 Bd6 7.Bd3 O-O 8.
Ne2 Re8 9.O-O Nd7 10.a4 Nf8 11.Ng3 Be6 12.f4 Qc7 13.f5 Bxg3 14.hxg3 Bd5 
15.Qg4 Qd7 16.Bh6 Ng6 17.Rf4 gxh6 18.fxg6 Qxg4 19.gxh7+ Kh8 20.Rxg4 f5 21.
Rf4 Re3 22.Bxf5 Rxg3 23.Be4 Be6 24.Rh4 Kg7 25.Kf2 Rg4 26.Rxg4+ Bxg4 27.Re1
a5 28.d5 Rd8 29.dxc6 bxc6 30.Bxc6 Rd2+ 31.Kg3 Be6 32.b4 Rd3+ 33.Kf4 Rxc3 
34.b5 Bb3 35.Re8 Kxh7 36.Be4+ f5 37.b6 Bxa4 38.Bxf5+ Kg7 39.b7 Bxe8 40.
b8=Q Rc4+ 41.Kg3 Bf7 42.Qe5+ Kg8 43.Qb8+ Kg7 44.Qe5+ Kg8 45.Qf6 1-0

[Event "4th EUR-ch"]
[Site "Istanbul TUR"]
[Date "2003.06.10"]
[Round "10.9"]
[White "Graf, Alexander"]
[Black "Sargissian, Gabriel"]
[Result "1/2-1/2"]
[WhiteElo "2630"]
[BlackElo "2572"]
[EventDate "2003.05.30"]
[PlyCount "64"]

1.d4 Nf6 2.c4 e6 3.Nc3 Bb4 4.e3 O-O 5.Ne2 d5 6.a3 Be7 7.cxd5 Nxd5 8.Bd2 
Nd7 9.Nxd5 exd5 10.Ng3 g6 11.Qc2 a5 12.Bd3 c5 13.dxc5 Nxc5 14.Bc3 Bd7 15.
O-O Rc8 16.Qe2 Re8 17.Bb5 Bc6 18.Rad1 Qb6 19.Bxc6 bxc6 20.Qg4 Ne6 21.Nf5 
Bf8 22.e4 h5 23.Qg3 Nc5 24.exd5 Ne4 25.Qe3 Qxe3 26.Nxe3 Nxc3 27.bxc3 Red8 
28.dxc6 Rxd1 29.Rxd1 Rxc6 30.Rd5 Rxc3 31.Rxa5 Bxa3 32.Kf1 Bc5 1/2-1/2

[Event "4th EUR-ch"]
[Site "Istanbul TUR"]
[Date "2003.06.10"]
[Round "10.12"]
[White "Dautov, Rustem"]
[Black "Iordachescu, Viorel"]
[Result "1/2-1/2"]
[WhiteElo "2611"]
[BlackElo "2550"]
[EventDate "2003.05.30"]
[PlyCount "39"]

1.d4 Nf6 2.c4 e6 3.Nf3 b6 4.g3 Ba6 5.b3 Bb7 6.Bg2 Bb4+ 7.Bd2 a5 8.O-O O-O 
9.Qc2 d6 10.Nc3 Nbd7 11.Rfe1 c5 12.Rad1 d5 13.cxd5 exd5 14.Qb2 Qe7 15.a3 
Bxc3 16.Bxc3 Ne4 17.Qc1 Ndf6 18.dxc5 bxc5 19.Bxf6 Nxf6 20.Ne5 1/2-1/2